000 00544nam a2200193Ia 4500
005 20250508160154.0
008 008 250505s9999 xx 000 0 eng d
037 _aBooks to be hide in OPAC
040 _aFEDL
_beng
_cFEDL
041 _aeng
_2eng
084 _qFEDL
100 _aWolcott John D
_9768039
245 0 _aLibrary activities, 1916-1918
260 _aWashington, USA
_bU.S. Government Printing Office
_c1920
300 _a28p.
546 _aBulletin, 1919, No. 64; Weeded out
942 _cHB
999 _c1362399
_d1362399